| 000 | 00668nam a2200253Ia 4500 | ||
|---|---|---|---|
| 003 | OSt | ||
| 005 | 20221007074153.0 | ||
| 006 | a|||||r|||| 00| 0 | ||
| 007 | ta | ||
| 008 | 221006b |||||||| |||| 00| 0 eng d | ||
| 020 | _cRs. 14/- | ||
| 024 | _a23,975 | ||
| 037 | _cTextual | ||
| 040 |
_aFLL _cFLL _beng |
||
| 041 |
_2eng _aeng |
||
| 082 | _aZ2:2:8qM82, J5 | ||
| 100 |
_aAiyer P. Ramanatha _9692635 |
||
| 245 | 0 | _aIndian trusts act | |
| 250 | _a2nd | ||
| 260 |
_aMadras _bThe Madras Law Journal Office India _c1955 |
||
| 300 |
_alxi,1-668p _ccm. |
||
| 942 |
_hZ2:2:8qM82, J5 _cTEXL _2CC |
||
| 999 |
_c1151410 _d1151410 |
||